Deutsche Städte mit "U" - Statistiken

Allgemein
  • Dieses Quiz wurde 112 mal gespielt
  • Das Durchschnittsergebnis liegt bei 6 aus 18
Antwortstatistiken
Bundesland Stadt % Korrekt
Baden-Württemberg Ulm
98%
Nordrhein-Westfalen Unna
73%
Bayern Unterschleißheim
62%
Niedersachsen Uelzen
51%
Baden-Württemberg Überlingen
42%
Mecklenburg-Vorpommern Usedom
37%
Schleswig-Holstein Uetersen
30%
Rheinland-Pfalz Ulmen
30%
Mecklenburg-Vorpommern Ueckermünde
22%
Bayern Uffenheim
21%
Baden-Württemberg Uhingen
19%
Niedersachsen Uslar
19%
Hessen Usingen
16%
Nordrhein-Westfalen Übach-Palenberg
15%
Rheinland-Pfalz Unkel
11%
Brandenburg Uebigau-Wahrenbrück
5%
Hessen Ulrichstein
5%
Thüringen Ummerstadt
4%
Keine übereinstimmenden Quizze gefunden
Verteilung der Resultate
Anzahl Personen mit jedem Resultat
Perzentil nach korrekt beantworteten Fragen
Ihre Resultats-Entwicklung
Sie haben dieses Quiz noch nicht gespielt